| 000 | 00823nam a22002655i 4500 | ||
|---|---|---|---|
| 003 | EG-ScBUE | ||
| 005 | 20260311095758.0 | ||
| 008 | 160306s2012 ii a f b 001 0 eng d | ||
| 020 | _a9789381421406 | ||
| 040 |
_aEG-ScBUE _beng _erda _cEG-ScBUE _dEG-ScBUE |
||
| 082 | 0 | 4 |
_a572 _bNAN _222 |
| 100 | 1 |
_aNandan, Rupesh, _939484 _eauthor. |
|
| 245 | 1 | 0 |
_aIndustrial biochemistry / _cDr. Rupesh Nandan. |
| 250 | _aFirst edition. | ||
| 264 | 1 |
_aNew Delhi : _bRandom Publications, _c2012. |
|
| 300 |
_aviii, 296 pages ; _c23 cm |
||
| 336 |
_2rdacontent _atext _btxt |
||
| 337 |
_aunmediated _2rdamedia _bn |
||
| 338 |
_avolume _bnc _2rdacarrier |
||
| 504 | _aIncludes bibliographical references and index. | ||
| 650 | 7 |
_aBiochemistry. _2BUEsh _918368 |
|
| 653 |
_bPPhrm _cMarch2016 |
||
| 655 | _vReading book | ||
| 942 |
_2ddc _cBB |
||
| 999 |
_c21320 _d21292 |
||